Analýza vybraných sociálno-ekonomických ukazovateľov s ohľadom na odľahlé údaje

Informácia o zámeroch a cieľoch dizertačnej práce, obhajoba, ktorej sa konala dňa 29. septembra 2011.

Saved in:
Bibliographic Details
Main Author: Nguyen Dinh, He
Format: Book Chapter
Language:Slovak
Subjects:
Tags: Add Tag
No Tags, Be the first to tag this record!

MARC

LEADER 00000naa a2200000 4500
001 0149263
005 20240502072702.6
041 0 |a slo 
044 |a SK 
245 1 0 |a Analýza vybraných sociálno-ekonomických ukazovateľov s ohľadom na odľahlé údaje  |c He Nguyen Dinh 
520 |a Informácia o zámeroch a cieľoch dizertačnej práce, obhajoba, ktorej sa konala dňa 29. septembra 2011. 
610 2 0 |a ukazovatele sociálne 
610 2 0 |a ukazovatele ekonomické 
610 2 0 |a údaje štatistické 
610 2 0 |a ekonometria 
610 2 0 |a práce kvalifikačné 
100 1 |a Nguyen Dinh, He